00585nam a22002057a 450000500170000001000130001702000100003003500130004003700160005304000120006908200130008110000150009424501140010926000390022327000430026230000200030550000200032565000240034565000100036920170124110038.0 aA-456658 c00.00 aA-456658 bCen Lib/Ret aDPLbEN a882bAFZ aAfzal Qutb aTreatise on competing fath oriented family norms :cby Afzal Qutb bhindu, christian and islamic principles / aKasmir bUpright Study Home c1990 bKashmir aTaj Manjil, Noonamy e192232 a176p.c19cm(Hb) aIncludes index  aEnglish literature  aDrama